[Event "XVII MetLife Najdorf Open 2017"]
[Site "Warsaw"]
[Date "2017.07.09"]
[Round "1.1"]
[White "Bartel, Michal"]
[Black "Cheparinov, Ivan"]
[Result "0-1"]
[WhiteElo "2343"]
[BlackElo "2703"]
[Annotator "TA"]
[PlyCount "82"]
[EventDate "2017.??.??"]
[EventType "swiss"]
[EventCountry "POL"]
[SourceTitle "playchess.com"]
[Source "ChessBase"]
[SourceQuality "1"]

{[%evp 18,82,33,23,19,6,6,6,7,6,0,0,0,0,0,0,0,2,15,17,15,4,18,0,37,33,26,-47,43,43,43,46,125,69,145,194,186,0,0,0,0,0,-7,-107,-106,-132,-127,-143,-136,-311,-302,-464,-351,-497,-500,-504,-487,-475,-372,-355,-337,-347,-330,-325,-320,-514,-460]} 1. e4 c5 2. Nf3 d6 3. Bb5+ Nd7 4. O-O a6 5. Bd3 Ngf6 (5... b5 6. Re1 Bb7 7. a4 b4 8. Bc4 Ngf6 9. d3 e6 10. Nbd2 Be7 11. Nf1 O-O 12. Ng3 d5 {1-0 (50) Vachier Lagrave,M (2783)-Nepomniachtchi,I (2766) Leuven 2017}) 6. Re1 {B51: Sicilian: Moscow Variation (3 Bb5+) without 3...Bd7} e6 7. c3 b5 8. Bc2 Bb7 9. d4 Be7 10. Nbd2 {LiveBook: 17 Games} Qc7 11. Nf1 O-O 12. Ng3 Rfc8 13. Bd3 $146 Bf8 14. a4 bxa4 15. Rxa4 a5 16. Qe2 cxd4 17. cxd4 d5 (17... Bc6 $5 {[%cal Rc6a4]} 18. Ra1 Qb7 $11) 18. e5 $1 {[%cal Re5f6]} Ne4 19. Ra1 {[%cal Rg3e4]} ({Of course not} 19. Bxe4 dxe4 20. Nxe4 Qxc1 $17) 19... Bb4 20. Rf1 h6 21. Nh5 Qb6 22. Nh4 (22. Be3 $11) 22... Bf8 (22... Qxd4 $15 23. Be3 Qxe5) 23. Be3 $14 Ba6 24. Bxa6 Qxa6 (24... Rxa6 $14 25. f3 Ng5) 25. Qg4 $1 $16 {Strongly threatening Bxh6.} Kh7 {[#]} (25... Rc2 $14) 26. f3 $1 {[%cal Rf3e4]} Qd3 27. fxe4 $2 (27. Rfe1 $18) 27... Qxe3+ $11 28. Kh1 {Threatens to win with exd5.} Qg5 29. Qxg5 hxg5 30. Rxf7 {[#]} (30. exd5 $1 $11 gxh4 31. Rxf7) 30... Nb6 $1 $17 31. Nf6+ Kh6 32. Ng8+ Kh5 33. Nf3 $2 (33. Nf5 $17 {is the only way for White.} exf5 34. exf5) 33... dxe4 $19 34. Nd2 (34. g4+ {keeps fighting.} Kg6 35. Ne7+ Kxf7 36. Nxc8 Rxc8 37. Nxg5+ Kg6 38. Nxe6) 34... Bb4 35. Nf6+ (35. Rxg7 $142 Rxg8 36. Rxg8 Rxg8 37. Nxe4) 35... Kg6 (35... gxf6 $2 36. Nxe4 Nd5 37. exf6 $19) 36. Rb7 gxf6 37. Nxe4 Nd5 38. exf6 Nxf6 39. Nxf6 Kxf6 40. Rf1+ Kg6 41. Rbf7 $2 {[#]} (41. Rb6) 41... Rc1 $1 {[%mdl 512] Precision: White = 52%, Black = 53%.} 0-1

[Event "XVII MetLife Najdorf Open 2017"]
[Site "Warsaw"]
[Date "2017.07.09"]
[Round "1.2"]
[White "Efimenko, Zahar"]
[Black "Lewtak, Damian"]
[Result "1/2-1/2"]
[WhiteElo "2643"]
[BlackElo "2341"]
[Annotator "TA"]
[PlyCount "199"]
[EventDate "2017.??.??"]
[EventType "swiss"]
[EventCountry "POL"]
[SourceTitle "playchess.com"]
[Source "ChessBase"]
[SourceQuality "1"]

{[%evp 22,199,31,25,33,45,55,69,68,54,75,62,68,56,61,46,48,56,84,64,71,15,0,0,63,51,64,48,117,114,100,79,122,83,198,188,363,256,225,237,318,322,323,330,328,330,326,320,312,309,312,304,324,321,699,630,1060,41,41,41,41,41,41,37,36,36,46,33,8,8,8,8,37,8,13,14,29,29,53,53,59,59,59,59,59,7,60,60,65,65,66,59,66,59,59,8,8,8,8,8,8,8,8,8,8,8,8,8,8,7,8,8,8,8,8,8,8,8,8,8,8,8,8,8,8,0,8,8,8,8,8,8,8,8,8,8,8,8,8,8,8,0,8,8,8,8,8,8,8,8,8,0,0,0,8,0,8,8,8,0,8,0,8,8,8,8,8,8,8,8,8,0,0,0,0,0,0,0,0,0]} 1. Nf3 d5 2. g3 c6 3. Bg2 Bg4 4. O-O Nd7 5. d3 Ngf6 6. Nbd2 e5 7. e4 Bc5 8. h3 Bxf3 9. Qxf3 dxe4 10. dxe4 O-O 11. a4 a5 12. Nc4 {LiveBook: 3 Games. A07: Réti Opening: New York and Capablanca Systems} Qe7 (12... Qc7 13. Bd2 b6 14. Rfd1 Bd4 15. c3 Bc5 16. Ne3 Ne8 17. h4 Nd6 18. Nf5 Nf6 19. Nxd6 Bxd6 {½-½ (51) Sepp,O (2436)-Shishkov,A (2376) Viljandi 2016}) 13. Bd2 b6 14. Rfd1 $146 {White is slightly better.} ({Predecessor:} 14. Ne3 g6 15. Nc4 Rfe8 16. Bh6 Qe6 17. Qe2 Bf8 18. Bxf8 Kxf8 19. Rfd1 Qe7 {1-0 (52) Demianjuk,A (2305)-Berube,A (2146) Moscow 2011}) 14... Rfd8 15. h4 Nf8 16. Bc3 N6d7 17. Rd3 f6 18. Ne3 Bxe3 19. Qxe3 Nc5 20. Rxd8 Qxd8 21. f4 ({White should try} 21. b4 $16 axb4 22. Bxb4) 21... exf4 $11 22. gxf4 Qc7 (22... Qe8 $11) 23. e5 $14 f5 24. b4 axb4 ({Black should play} 24... Nce6 $1 $14) 25. Bxb4 $16 Nce6 26. Bd6 Qf7 27. Bxc6 Rc8 (27... Qg6+ $16 {is a better defense.} 28. Kf1 Rd8) 28. Bd5 $18 ({Worse is} 28. Qxb6 Qg6+ 29. Kh1 Qg4 $11) 28... Rxc2 $2 (28... Qg6+ {keeps fighting.} 29. Kf1 Kh8) 29. Bxf8 ({But not} 29. Qxb6 $2 Qg6+ 30. Kf1 Qg3 $19) 29... Kxf8 30. Qxb6 Qg6+ 31. Kf1 {Strongly threatening Qd6+.} Nc7 32. Qxg6 hxg6 {[%mdl 4096] Endgame [#] KRB-KRN} 33. Bf3 $1 Rc4 34. a5 {[%cal Ba4a5,Ba5a6,Ba6a7][%mdl 32]} Rxf4 35. Kg2 Rxh4 {[#]} 36. a6 $1 Rc4 37. a7 g5 $2 (37... Ke7 38. Rb1 Ra4) 38. Rb1 g4 39. Bd5 $2 (39. Bd1 $18) 39... Ra4 $14 40. Rb8+ {[%mdl 1024] White has compensation.} Ke7 41. Rb7 Kd8 $1 42. Bb3 Ra3 43. e6 g5 44. e7+ Kxe7 {Threatens to win with ...Kd7.} 45. Rxc7+ {KRB-KR} Kd6 $132 {[%mdl 2048] Black puts up resistance} 46. Rg7 (46. Rb7 {with more complications.} f4 47. Bd1 Ra2+ 48. Kf1 Ra1 49. a8=R) 46... Kc5 (46... f4 {is more complex.} 47. Bc2 Ra2 48. Kf1 Ra1+ 49. Ke2 f3+) 47. Rxg5 Rxa7 48. Rxf5+ Kb4 49. Bd1 Rd7 50. Bxg4 {Hoping for Rf4+.} Rd2+ 51. Kf3 Kc3 52. Rc5+ Kd4 53. Rc8 (53. Ra5 $14) 53... Rd3+ (53... Ke5 $11) 54. Kf4 Rd2 55. Bf3 Rd3 56. Be2 {Rd8+ would kill now.} Rd2 57. Re8 Kc5 58. Ke3 (58. Bf3 $1 $14) 58... Rd7 $11 {The position is equal.} 59. Bf3 Kd6 60. Kd4 Re7 61. Rf8 Rg7 62. Be4 Ke7 63. Ra8 Rg5 64. Ra6 Kf7 65. Bd5+ Ke7 66. Ke4 Rg7 67. Kf5 Kf8 68. Ke5 Ke7 69. Be4 Rg5+ 70. Bf5 Rg7 $1 71. Ra8 Rf7 72. Rg8 Rf6 73. Rh8 Rf7 (73... Re6+ $5 74. Kf4 Rb6 $14) 74. Rh1 Rg7 75. Rh2 $1 Kf8 76. Kd6 Kf7 77. Be6+ Kf6 78. Rf2+ Kg5 79. Ke5 Kh6 80. Rh2+ Kg5 81. Rf2 Kh6 82. Bf5 Kg5 83. Ra2 Re7+ 84. Be6 {aiming for Rg2+.} Rg7 85. Rh2 Kg6 86. Kf4 Kf6 87. Bf5 Ke7 88. Ke5 Kf8 89. Ke6 Re7+ 90. Kd6 {Black must now prevent Rh8+.} (90. Kf6 $5 {[%cal Rh2h8]} Rf7+ 91. Ke5 $14) 90... Rg7 91. Be6 {White threatens Rh8+ and mate.} Rg5 (91... Rg1 {feels hotter.} 92. Bd5 Rg6+ 93. Ke5 Rg7 94. Kf4 Ke7) 92. Rh7 {White wants to mate with Rf7+.} Rg6 93. Rf7+ Kg8 $1 94. Ke5 Rg7 95. Rf1+ Kh7 96. Kf6 {[%cal Rf1h1]} Rg6+ 97. Kf7 Rg7+ $1 98. Kf8 Ra7 99. Bf7 {[%cal Rf1h1]} Ra8+ 100. Be8 {Precision: White = 64%, Black = 57%.} 1/2-1/2

[Event "XVII MetLife Najdorf Open 2017"]
[Site "Warsaw"]
[Date "2017.07.09"]
[Round "1.3"]
[White "Pacan-Milej, Kosma"]
[Black "Kovalev, Vladislav"]
[Result "0-1"]
[WhiteElo "2332"]
[BlackElo "2639"]
[Annotator "TA"]
[PlyCount "66"]
[EventDate "2017.??.??"]
[EventType "swiss"]
[EventCountry "POL"]
[SourceTitle "playchess.com"]
[Source "ChessBase"]
[SourceQuality "1"]

{[%evp 23,66,0,75,50,48,48,52,51,45,21,33,17,43,41,46,42,39,35,90,8,8,6,40,-39,-34,-32,-40,-32,-39,-38,-41,-131,-129,-129,-125,-127,-120,-295,-297,-288,-293,-1350,-1360,-1591,-1208]} 1. d4 Nf6 2. c4 g6 3. Nf3 Bg7 4. g3 O-O 5. Bg2 d6 6. O-O Nbd7 7. Nc3 e5 8. e4 c6 9. h3 Qb6 10. Re1 exd4 11. Nxd4 Ne8 12. Nb3 Ne5 {LiveBook: 4 Games. E69: King's Indian: Fianchetto: 6...Nbd7 7 0-0 e5 8 e4 c6 9 h3} (12... a5 $11) (12... a5 13. Be3 Qb4 14. Nd4 a4 15. a3 Qa5 16. Qe2 Nef6 17. Rad1 Re8 18. f4 Nc5 19. Qc2 Nfd7 20. Bf2 Bf8 21. Kh2 Qc7 22. Na2 Nf6 23. Nc3 Nfd7 24. Na2 Nf6 25. Nc3 Nfd7 26. Na2 {½-½ (26) Ruck,R (2579)-Markus,R (2625) Ljubljana 2012}) 13. Bf1 (13. c5 $5 dxc5 14. Be3 $11) 13... Be6 14. Be3 c5 $146 {White is slightly better.} ({Predecessor:} 14... Qc7 15. Nd2 f5 16. f4 Nf7 17. Qc2 Nf6 18. Rad1 Rae8 19. Bf2 h5 20. Nf3 Nxe4 21. Nxe4 fxe4 22. Qxe4 {1-0 (33) Volodin,V (2225)-Bednar,M (2110) Prague 2009}) 15. Nd5 Bxd5 16. exd5 f5 17. f4 Nf7 18. Qc2 Nf6 19. Bd3 Rae8 20. Bf2 h5 ({Black should play} 20... Qb4 $14) 21. Rxe8 ({Better is} 21. Nd2 $16) 21... Rxe8 $11 22. Re1 Qd8 23. Nd2 (23. Qd1 $14) 23... h4 $15 {...hxg3 is the strong threat.} 24. Nf1 Nh5 {[#] Threatens to win with ...Rxe1.} 25. Qd2 Rxe1 26. Bxe1 {Black should prevent g4.} Qf6 {aiming for ...hxg3.} 27. b3 (27. Be2 $15) 27... hxg3 $17 28. Bxg3 Qd4+ 29. Kg2 {[#]} Bh6 $1 $36 {[%cal Rh6f4][%mdl 2048] Keeping White busy.} 30. Qe2 $2 (30. Bc2 $17) 30... Nxf4+ $19 31. Bxf4 Bxf4 32. Ng3 $2 (32. Qf2) 32... Bxg3 33. Kxg3 Ne5 {Precision: White = 30%, Black = 52%.} 0-1

[Event "XVII MetLife Najdorf Open 2017"]
[Site "Warsaw"]
[Date "2017.07.09"]
[Round "1.4"]
[White "Fridman, Daniel"]
[Black "Martin, Julian"]
[Result "1-0"]
[WhiteElo "2635"]
[BlackElo "2332"]
[Annotator "TA"]
[PlyCount "101"]
[EventDate "2017.??.??"]
[EventType "swiss"]
[EventCountry "POL"]
[SourceTitle "playchess.com"]
[Source "ChessBase"]
[SourceQuality "1"]

{[%evp 19,101,11,11,14,40,37,58,65,58,63,68,65,68,68,68,65,65,67,68,60,67,67,68,63,68,68,68,67,71,71,68,70,110,110,110,91,108,110,110,105,130,106,120,112,110,93,102,71,89,42,42,45,44,41,41,41,45,41,31,32,79,78,59,51,152,164,221,214,431,436,416,432,686,663,671,655,685,668,731,731,726,720,720,703]} 1. Nf3 Nf6 2. c4 e6 3. g3 d5 4. Bg2 dxc4 5. Qa4+ c6 6. Qxc4 b5 {A13: English Opening: 1...e6} 7. Qb3 Bb7 8. O-O Nbd7 9. d4 a6 10. Ne5 Nxe5 {LiveBook: 44 Games} 11. dxe5 Nd7 12. Rd1 Qb6 13. Bf4 $146 ({Predecessor:} 13. Be3 c5 14. Bxb7 Qxb7 15. f4 c4 16. Qc3 Rc8 {0-1 (34) Appel,R (2541)-Fridman,D (2630) Germany 2008}) 13... Be7 14. Nd2 c5 15. Nc4 $1 {[%cal Rc4b6]} Qa7 16. Bxb7 Qxb7 17. a4 {Threatens to win with axb5.} Rb8 18. axb5 axb5 19. Nd6+ Bxd6 $1 20. Rxd6 {Hoping for Rad1.} O-O 21. Rad1 c4 22. Qb4 $1 Nb6 $1 23. Qxb5 Nd5 24. Qxb7 Rxb7 25. Bc1 Rbb8 26. Rc6 Rfc8 27. Rxc8+ Rxc8 $16 {[%mdl 4096] Endgame KRB-KRN} 28. Bd2 Kf8 29. e4 Nb6 30. Rc1 Na4 31. Rc2 Rb8 32. Bc1 Rb4 33. f3 {[%cal Bf2f3,Bf3f4,Bf4f5,Bf5f6][%mdl 32]} Ke8 34. Kf1 Nc5 35. Bd2 Ra4 36. Ke2 Nb3 37. Be3 Kd7 38. f4 Kc6 39. Kf3 Kb5 40. f5 Ra1 41. Kf4 Rd1 (41... Rf1+ $14 42. Rf2 Rd1) 42. f6 $1 {[%cal Rf6g7]} g6 {[#]} (42... gxf6 $142 43. exf6 Kb4) 43. Kg5 $1 $18 Re1 $2 (43... h5 {is a better defense.} 44. Kh6 Rd7) 44. Bf2 Rxe4 {[#]} 45. Kh6 $1 Na5 (45... Rxe5 $142 46. Kg7 Na1) 46. Kg7 Nc6 47. Kxf7 Nxe5+ 48. Kg7 h5 49. f7 Nxf7 50. Kxf7 g5 51. Kg6 {Precision: White = 90%, Black = 53%.} 1-0

[Event "XVII MetLife Najdorf Open 2017"]
[Site "Warsaw"]
[Date "2017.07.09"]
[Round "1.5"]
[White "Baskin, Robert"]
[Black "Piorun, Kacper"]
[Result "0-1"]
[WhiteElo "2330"]
[BlackElo "2637"]
[Annotator "TA"]
[PlyCount "108"]
[EventDate "2017.??.??"]
[EventType "swiss"]
[EventCountry "POL"]
[SourceTitle "playchess.com"]
[Source "ChessBase"]
[SourceQuality "1"]

{[%evp 27,108,43,34,23,26,-11,0,-25,0,7,2,13,16,0,1,-2,-7,-7,-7,-6,-7,-9,0,-6,0,0,25,-15,-8,-13,-23,-39,-41,-47,-60,-66,-70,-52,-52,-75,-60,-54,-52,-67,-67,-89,-81,-100,-98,-102,-101,-92,-95,-112,-97,-124,-121,-131,-111,-220,-220,-218,-214,-212,-206,-207,-207,-218,-214,-245,-249,-253,-234,-238,-220,-199,-191,-231,-229,-242,-237,-264,-250]} 1. e4 c6 2. d4 d5 3. Nd2 dxe4 4. Nxe4 Bf5 5. Ng3 Bg6 6. h4 h6 7. Nf3 e6 8. Ne5 Bh7 9. Bd3 Bxd3 10. Qxd3 Nd7 {B19: Classical Caro-Kann: 4...Bf5 main line} 11. f4 Bb4+ (11... Be7 12. Bd2 Nxe5 13. fxe5 Bxh4 14. O-O-O Bxg3 15. Qxg3 Ne7 16. Bb4 Nf5 17. Qf4 g5 18. Qf2 {½-½ (43) Wei,Y (2706)-Giri,A (2773) Wijk aan Zee 2017}) 12. c3 Be7 13. Bd2 Ngf6 14. O-O-O O-O {LiveBook: 24 Games} 15. Qe2 c5 16. f5 $146 (16. Be3 {is more complex.} Qc7 17. Kb1 Rad8 18. f5 Nxe5 19. Bf4) ({Predecessor:} 16. dxc5 Bxc5 17. Rhf1 Rc8 18. Kb1 {½-½ (33) Rocco,J (2273)-Garcia Ramirez,C (2236) ICCF email 2013}) 16... cxd4 {[#]} 17. Nxf7 $1 {[%mdl 512]} Rxf7 18. fxe6 Rf8 {aiming for ...Nc5.} 19. exd7 Qxd7 {And now ...d3 would win.} 20. Be1 (20. Bg5 $5) 20... Bc5 21. Qc4+ Qd5 22. Qxd5+ Nxd5 23. cxd4 Bb6 24. Ne4 Rf4 25. Nc3 Rc8 26. Kb1 Ne3 27. g3 (27. Rd3 {looks sharper.} Nf5 28. d5 Re8 29. h5 Rg4 30. d6) 27... Nxd1 28. gxf4 Ne3 29. d5 Rd8 30. Bf2 Nxd5 31. Bxb6 Nxb6 $15 {[%mdl 4096] Endgame KRN-KRN} 32. Re1 Kf7 33. Re4 Rd7 34. a4 Nc8 35. h5 Ne7 36. Re5 Nc6 37. Rc5 Rd4 38. Rf5+ Ke7 39. Ka2 b6 40. Ka3 Rd3 41. Ka2 Rh3 42. Rb5 Ke6 43. f5+ (43. Kb1 $17) 43... Kf7 $19 44. a5 Nxa5 45. Rd5 Ke7 46. Re5+ Kf8 47. Nb5 Nc6 {[#] ( -> ...Nb4+)} ({Don't take} 47... Rxh5 48. Nd6 $15) 48. Re4 a5 {Threatens to win with ...Nb4+.} 49. b3 Nb4+ 50. Kb2 {Now Nd6 and White clings on.} Nd3+ 51. Kc2 {Threatening Nd6.} Nc5 52. Re5 Nd7 53. Rd5 Ke7 54. Nd4 Rxh5 {Precision: White = 43%, Black = 88%.} 0-1

[Event "XVII MetLife Najdorf Open 2017"]
[Site "Warsaw"]
[Date "2017.07.09"]
[Round "1.6"]
[White "Edouard, Romain"]
[Black "Nowak, Lukasz"]
[Result "1-0"]
[WhiteElo "2622"]
[BlackElo "2327"]
[Annotator "TA"]
[PlyCount "109"]
[EventDate "2017.??.??"]
[EventType "swiss"]
[EventCountry "POL"]
[SourceTitle "playchess.com"]
[Source "ChessBase"]
[SourceQuality "1"]

{[%evp 19,109,47,49,46,43,21,32,36,34,33,20,0,29,14,57,41,83,47,63,25,20,33,20,25,37,5,8,17,70,16,49,16,27,16,30,29,155,151,273,268,281,290,273,271,283,272,334,333,333,333,332,329,328,289,275,254,535,514,499,471,534,229,245,0,532,497,600,606,808,789,697,633,1029,1000,972,910,755,8,8,8,8,8,29980,29981,29980,29982,29982,29983,29983,29984,29984,29983]} 1. d4 Nf6 2. c4 g6 3. Nc3 Bg7 4. e4 d6 5. Nge2 O-O 6. Ng3 e5 7. d5 a5 8. Bd3 {E70: King's Indian: Miscellaneous lines with 4 e4, including 5 Nge2 and 5 Bd3 0-0 6 Nge2} (8. Be2 Na6 9. h4 h5 10. Bg5 Qe8 11. Qd2 Nc5 12. O-O-O Ng4 13. Bxg4 Bxg4 14. f3 Bd7 15. Be3 b6 16. Kb1 Kh7 17. Qc2 a4 {0-1 (51) Carlsen,M (2881)-Radjabov,T (2713) Shamkir 2014}) 8... Na6 9. O-O h5 10. Bg5 Qe8 {LiveBook: 3 Games} 11. Qd2 Nh7 12. Bh6 Nc5 $146 {[#] Hoping for ...Bxh6.} ({Predecessor:} 12... h4 13. Bxg7 Kxg7 14. Nge2 Qe7 15. Rae1 Nf6 16. Bb1 Nc5 {1-0 (31) Godard,M (2353)-Sorin,M (2318) France 2003}) 13. Bxg7 Kxg7 14. Bc2 Bd7 15. Rae1 Qe7 (15... h4 $5 {[%cal Rh4g3]} 16. Nge2 h3 $11) 16. Nge2 Rae8 17. b3 f5 18. f4 Qd8 19. a3 fxe4 20. Nxe4 Nxe4 21. Bxe4 b6 22. fxe5 Rxf1+ 23. Rxf1 {Threatens to win with e6.} Rxe5 (23... dxe5 $11 24. Qd3 Rf8) 24. Bc2 (24. Qd4 $14 Nf6 25. Bd3) 24... Qe7 25. Nf4 Nf8 26. h3 Kh7 27. Qf2 $36 {[%mdl 2048] White is more active.} Bf5 (27... Kg7 $11) 28. Bxf5 $16 Rxf5 (28... gxf5 $16 29. Nd3 (29. Nxh5 Ng6 $16) 29... Re3 30. Qxf5+ Kh6) 29. Nxg6 $1 $18 Rxf2 30. Nxe7 Rxf1+ 31. Kxf1 $16 {[%mdl 4096] Endgame KN-KN} Nd7 32. Ke2 Nc5 33. b4 axb4 34. axb4 Nd7 35. Ke3 Kh6 36. Nc6 Kg6 37. Na7 Nb8 $2 (37... Ne5 38. Nb5 Kf5 39. Nxc7 Nxc4+ 40. Kd4 Na3) 38. Nb5 $18 Na6 39. Ke4 Kf6 40. Kf4 (40. g3 $142 Kg6 41. Kf4) 40... Kg6 41. Ke4 $2 (41. Ke3) 41... Kf6 $1 42. g3 Kg6 43. Kd4 Kf5 44. Kc3 Ke4 45. g4 hxg4 46. hxg4 Kf4 47. Nd4 Kxg4 {[#]} 48. Nc6 $2 (48. Kb3 $1 $18 Nb8 49. Ka4) 48... Kf4 49. Kb3 Ke4 50. Ka4 Kd3 $2 {[%mdl 8192]} (50... Ke3 $11 51. Kb5 Kd3 52. Kxa6 Kxc4) 51. Kb5 {White mates.} Kc3 52. Kxa6 Kxc4 53. Kb7 Kxd5 54. Kxc7 b5 55. Na5 {Precision: White = 51%, Black = 37%.} 1-0

[Event "XVII MetLife Najdorf Open 2017"]
[Site "Warsaw"]
[Date "2017.07.09"]
[Round "1.7"]
[White "Paszewski, Mateusz"]
[Black "Dragun, Kamil"]
[Result "0-1"]
[WhiteElo "2323"]
[BlackElo "2621"]
[Annotator "TA"]
[PlyCount "72"]
[EventDate "2017.??.??"]
[EventType "swiss"]
[EventCountry "POL"]
[SourceTitle "playchess.com"]
[Source "ChessBase"]
[SourceQuality "1"]

{[%evp 19,72,72,164,140,118,131,149,72,92,61,94,42,59,22,29,18,32,0,49,17,76,64,64,0,54,37,38,-20,0,-174,-182,-187,-179,-179,-184,-173,-174,-178,-172,-195,-217,-464,-462,-711,-697,-677,-488,-677,-677,-668,-668,-636,-649,-1645,-1613]} 1. e4 c5 2. Nf3 e6 3. Nc3 a6 4. d4 cxd4 5. Nxd4 Qc7 6. g3 b5 {[%cal Bb7b5,Bb5b4][%mdl 32]} 7. Bg2 {B43: Sicilian: Kan Variation: 5 Nc3} b4 (7... Bb7 8. O-O Be7 9. Re1 d6 10. a4 bxa4 11. Rxa4 Nd7 12. Qg4 h5 13. Nxe6 Qxc3 14. bxc3 hxg4 15. Nc7+ Kd8 16. Nxa8 Bxa8 17. Rxa6 {1-0 (34) Carlsen,M (2646)-Van Wely,L (2655) Schagen 2006}) 8. Na4 Bb7 9. O-O Nf6 10. Re1 d6 {LiveBook: 6 Games} (10... h5 $16) 11. c3 $18 bxc3 12. Nxc3 Nbd7 13. Bg5 (13. Bf4 $142) 13... Be7 $16 14. Rc1 {Hoping for Nd5.} Qb8 $1 15. Nb3 $146 (15. Bh3 $16) ({Predecessor:} 15. Qa4 O-O 16. b4 {0-1 (28) Benedic,P (2060)-Platel,A (2197) Le Grand Bornand 2007}) 15... Bd8 16. Na4 (16. Bf4 $5 {[%cal Rf4d6]} e5 17. Be3 $14) 16... O-O 17. Bd2 (17. Bf4 $5 {[%cal Rf4d6]} Ne5 18. Qd2 $11) 17... a5 18. Nd4 (18. Bf4 $5 {[%cal Rf4d6]} Be7 19. Nbc5 $14) 18... Ne5 19. Re3 Ba6 (19... Qa7 $11 {remains equal.} 20. Be1 Rc8 21. Rxc8 Bxc8) 20. Rb3 Qa7 21. Be1 (21. Bf4 $1 $14) 21... Rb8 ({Black should play} 21... Qd7 $11 22. Nb6 Bxb6 23. Rxb6 d5) 22. Rxb8 $14 Qxb8 23. Bc3 (23. Nc6 $14 Nxc6 24. Rxc6) 23... Qa8 24. f3 $2 {[#]} (24. Nb3 $11 {and White stays safe.}) 24... Nd3 $1 $19 {aiming for ...e5.} 25. Rc2 {[#]} e5 $1 {Strongly threatening ...Qa7.} 26. Nf5 Qa7+ 27. Kh1 {With the idea Bf1.} Nf2+ 28. Rxf2 Qxf2 29. Nxd6 Bc7 30. Nf5 $2 (30. Be1 {only move.} Qe2 31. Qxe2 Bxe2 32. Nb7) 30... Rd8 {[%cal Bf8d8,Bd8d3,Bd3d1][%mdl 32] Black is clearly winning.} 31. Qc1 (31. Ne7+ $142 Kf8 32. Nd5) 31... Qe2 32. Ne3 Bb5 33. Nc5 Bb6 34. b4 Bxc5 35. bxc5 Rd3 36. Nf1 Rd1 {Precision: White = 21%, Black = 60%.} 0-1

[Event "XVII MetLife Najdorf Open 2017"]
[Site "Warsaw"]
[Date "2017.07.09"]
[Round "1.8"]
[White "Jumabayev, Rinat"]
[Black "Lewicki, Miroslaw"]
[Result "1-0"]
[WhiteElo "2620"]
[BlackElo "2323"]
[Annotator "TA"]
[PlyCount "65"]
[EventDate "2017.??.??"]
[EventType "swiss"]
[EventCountry "POL"]
[SourceTitle "playchess.com"]
[Source "ChessBase"]
[SourceQuality "1"]

{[%evp 19,65,64,68,61,53,52,63,61,66,63,76,54,67,41,35,28,25,34,24,19,25,19,112,115,124,89,102,105,106,102,97,105,98,97,143,145,136,130,150,134,167,163,263,159,356,344,347,338]} 1. Nf3 c5 2. c4 Nc6 3. d4 cxd4 4. Nxd4 Qb6 5. Nb3 (5. Nc2 Nf6 6. Nc3 e6 7. g3 Ne5 8. e4 d6 9. f4 Nc6 10. Be3 Qc7 11. Bg2 Be7 12. O-O O-O 13. Qe2 a6 14. Rac1 b6 15. Ne1 {1-0 (46) Dubov,D (2648)-Alekseev,E (2636) Sochi 2016}) 5... g6 6. Nc3 {A30: Symmetrical English: Double Fianchetto and Hedgehog} Bg7 7. e4 $146 ({Predecessor:} 7. Nd5 Qd8 8. Bf4 d6 9. Qd2 Nf6 10. f3 a5 11. Bh6 Bxh6 12. Nxf6+ exf6 13. Qxh6 {0-1 (39) Scalcione,M (2368)-Ljubisavljevic,Z (2275) Campobasso 2002}) 7... Nf6 8. Be2 d6 9. Be3 Qc7 10. Rc1 O-O {LiveBook: 4 Games} 11. f3 b6 12. Qd2 Bb7 13. O-O Rac8 14. Rfd1 Nd7 15. Nd5 Qd8 16. Bf1 Nc5 17. Nd4 Nxd4 18. Bxd4 Bxd4+ 19. Qxd4 e5 20. Qd2 f5 (20... Bxd5 $11 21. Qxd5 (21. cxd5 a5 $11) 21... Ne6) 21. exf5 $16 gxf5 22. Qh6 Bxd5 23. Rxd5 Rf6 24. Qg5+ Kf8 25. Rcd1 Qe7 26. Qd2 Nb7 {[#]} 27. f4 $1 {[%cal Rf4e5] aiming for fxe5.} e4 28. Qd4 Qg7 29. b4 Rf7 30. Qe3 Qb2 (30... Kg8 $142 31. g3 Qg6) 31. a3 Re8 $2 {[#]} (31... Qf6 $16 32. Qd4 Qg6) 32. Be2 $18 Re6 33. Bh5 {Precision: White = 80%, Black = 40%.} 1-0